000 00873cam a22002777a 4500
005 20220329141213.0
008 971010s1979 r 00010 d
010 _a64315
011 _a65287
035 _a71748
082 _a370.15
_bA5
100 0 0 _aAndueza, María.
_95736
245 0 _aDinámica de grupos en educación
260 _aMéxico :
_bANUIES,
_c1979
300 _a131 p
590 _aBATCH-UPD
_b10
_c20130110
_lUCH01
_h0236
590 _aBATCH-UPD
_b10
_c20130110
_lUCH01
_h1555
590 _aBATCH-UPD
_b10
_c20130409
_lUCH01
_h2302
590 _aBATCH-UPD
_b10
_c20130410
_lUCH01
_h1240
590 _aBATCH-UPD
_b10
_c20130914
_lUCH01
_h0330
590 _aCONVERSION
_b10
_c20130109
_lUCH01
_h1335
650 1 4 _aDinámica de grupos.
_932629
650 1 4 _aEducación
_xMetodología.
_935463
901 _aBK
949 _a370.15 A5
_bP
_cLIBRO
_d-4423
_eLIBRO
_i71748
_si
999 _c64315
_d64315